=LDR 00000nam 2200000 4500 =001 000963 =005 20250712014853 =035 ##$$a 0010-0725000842 =007 ta =008 250712################a##########0#ind## =020 ##$$a 978-623-307-375-2 =082 ##$$a 398. 209 598 =084 ##$$a 398. 209 598 BAL k =100 #$$a Balakrishnan, shweta =245 1#$$a Ketika Benda Berputar /$c Shweta Balakrishnan =250 ##$$a Cetakan Pertama =260 ##$$a Jakarta Timur :$b Badan Pengembangan dan Pembinaan Bahasa,$c 2024 =300 ##$$a 20 hlm : $b Ilus. ; $c 29,7 cm =650 #4$$a Cerita anak Indonesia-Terjemahan =650 #4$$a Literasi =990 ##$$a TBM202400641